[Event "Ruhrgebiet VK2 0910"]
[Site "Ruhrgebiet"]
[Date "2010.03.21"]
[Round "8.8"]
[White "Meiritz, Walter"]
[Black "Gehrke, Wolfgang"]
[Result "1/2-1/2"]
[WhiteElo "1570"]
[BlackElo "1776"]
[PlyCount "26"]
[EventDate "2009.09.06"]
[EventType "team"]
[EventRounds "9"]
[EventCountry "GER"]
[SourceTitle "EXT 2011"]
[Source "ChessBase"]
[SourceDate "2010.11.26"]
[SourceVersion "1"]
[SourceVersionDate "2010.11.26"]
[SourceQuality "1"]
[WhiteTeam "Unser Fritz"]
[BlackTeam "Bochum SV II"]
[WhiteTeamCountry "GER"]
[BlackTeamCountry "GER"]

1. e4 e5 2. Nf3 Nc6 3. d3 Be7 4. Nc3 Nf6 5. Be2 0-0 6. 0-0 d6 7. Bd2 Bg4 8. h3 Bh5 9. Nh4 Bxe2 10. Qxe2 Nd4 11. Qd1 c6 12. Ne2 Nxe2+ 13. Qxe2 Re8 1/2-1/2